| 000 | 00558nam a22001937a 4500 | ||
|---|---|---|---|
| 005 | 20251108165527.0 | ||
| 008 | 250721s1968 xx 000 0 ara d | ||
| 082 | 1 | 4 | _aم/891.51/أ |
| 100 | 1 | _aالقيسي، أحمد ناجي | |
| 245 | 1 | 0 | _aعطار نامة / |
| 246 | 1 | 3 | _aمنطق الطير |
| 264 | 1 |
_aبغداد : _bمكتبة المثنى، _c1968. |
|
| 300 | _a2ج | ||
| 650 | 1 | 7 | _aالأدب الفارسي |
| 650 | 1 | 7 | _aالشعر |
| 700 | 1 | _aالنيسابوري، فريدالدين العطار | |
| 942 |
_2ddc _cREF |
||
| 999 |
_c30007 _d30007 |
||